00476cam a22001337a 4500008004000000082001600040100001900056245005600075260002600131300000900157500011000166650002700276650003900303180718b1970 xxu||||| |||| 00| 0 eng d aI27x54 D451 aDesai, Morarji aMinister and his responsibilitiescby Morarji Desai aDelhibNationalc1970 a56p. aJawahar Lal Nehru Memorial Lecture, Pub. for Institute of Constitutional and Parliamentary Studies, Delhi aCabinet System - India aMinisterial Responsibility - India